[Event "TCh-HUN 2024-25"]
[Site "Hungary HUN"]
[Date "2025.05.11"]
[Round "9.8"]
[White "Krizsany, Laszlo"]
[Black "Aveskulov, Valeriy"]
[Result "1/2-1/2"]
[WhiteTitle "IM"]
[BlackTitle "GM"]
[WhiteElo "2316"]
[BlackElo "2488"]
[WhiteTeam "Aquarena Kobanya SC"]
[BlackTeam "Sentimento Ajka BSK"]
[WhiteFideId "701718"]
[BlackFideId "14109743"]
[EventDate "2024.11.02"]

1. d4 Nf6 2. c4 e6 3. Nf3 Bb4+ 4. Bd2 Qe7 5. g3 Bxd2+ 6. Qxd2 Nc6 7. Nc3 d5 8.
Bg2 dxc4 9. O-O O-O 10. Ne5 Nxe5 11. dxe5 Nd7 12. Qe3 Nb6 13. Rfd1 Rb8 14. a4 a5
15. Ne4 Bd7 16. Qc5 Qxc5 17. Nxc5 Bc6 18. Bxc6 bxc6 19. e4 Rfe8 20. Rac1 Red8
21. Kf1 Kf8 22. Ke2 Ke7 23. Rxd8 Rxd8 24. Rd1 Rb8 25. f4 f5 26. exf5 exf5 27.
Kd2 h6 28. h4 Nd7 29. Nxd7 Kxd7 30. Kc2+ Ke7 31. Rd4 Rb3 32. Rxc4 Rxg3 33. Rxc6
Kd7 34. Rc5 Rg4 35. Rxa5 Rxf4 36. Ra6 Rxh4 37. a5 g5 38. Rf6 Ra4 39. a6 g4 40.
Rxh6 Ra5 41. b4 Rxe5 42. Rh8 Re2+ 43. Kb3 Re3+ 44. Kb2 Re2+ 45. Kb3 Re3+ 1/2-1/2

[Event "TCh-HUN 2024-25"]
[Site "Hungary HUN"]
[Date "2025.05.11"]
[Round "9.9"]
[White "Gaal, Zsoka"]
[Black "Dudas, Eszter"]
[Result "1-0"]
[WhiteTitle "WIM"]
[BlackTitle "WIM"]
[WhiteElo "2425"]
[BlackElo "2111"]
[WhiteTeam "Sentimento Ajka BSK"]
[BlackTeam "Aquarena Kobanya SC"]
[WhiteFideId "777765"]
[BlackFideId "728306"]
[EventDate "2024.11.02"]

1. Nf3 c5 2. c4 Nc6 3. Nc3 g6 4. g3 Bg7 5. Bg2 d6 6. O-O e6 7. a3 Nge7 8. b4 b6
9. Bb2 Bb7 10. Qb1 Qd7 11. Ne4 e5 12. bxc5 bxc5 13. Bxe5 Nxe5 14. Qxb7 Qxb7 15.
Nxd6+ Kf8 16. Nxb7 Nxf3+ 17. Bxf3 Bxa1 18. Rxa1 Rc8 19. Rb1 Kg7 20. Rb5 Rc7 21.
Rxc5 Rxc5 22. Nxc5 Rc8 23. d4 Nf5 24. e3 Nd6 25. Bd5 Rb8 26. Nd7 Rb1+ 27. Kg2
Ra1 28. c5 Nb5 29. a4 Nc7 30. Bc6 Rd1 31. Kf3 f6 32. Ke2 Ra1 33. d5 Ra2+ 34. Kf3
Rc2 35. e4 Na6 36. d6 Nb4 37. Bd5 Nxd5 38. exd5 Kf7 39. c6 f5 40. Ne5+ Ke8 41.
d7+ Ke7 42. d6+ 1-0

[Event "TCh-HUN 2024-25"]
[Site "Hungary HUN"]
[Date "2025.05.11"]
[Round "9.10"]
[White "Szabo, Marton Nandor"]
[Black "Pasti, Aron"]
[Result "0-1"]
[BlackTitle "IM"]
[WhiteElo "2011"]
[BlackElo "2355"]
[WhiteTeam "Aquarena Kobanya SC"]
[BlackTeam "Sentimento Ajka BSK"]
[WhiteFideId "795178"]
[BlackFideId "785857"]
[EventDate "2024.11.02"]

1. d4 e6 2. c4 d5 3. Nc3 Nf6 4. cxd5 exd5 5. Bg5 Be7 6. e3 O-O 7. Qc2 Re8 8. Bd3
h6 9. Bh4 c5 10. Nge2 c4 11. Bf5 Nc6 12. a3 a6 13. O-O Nh5 14. Bg3 Bg5 15. Rad1
b5 16. Bxc8 Rxc8 17. Qf5 Ne7 18. Qf3 Nxg3 19. Nxg3 Qd7 20. h3 a5 21. e4 b4 22.
axb4 axb4 23. Nxd5 Nxd5 24. exd5 c3 25. bxc3 bxc3 26. h4 c2 27. hxg5 cxd1=Q 28.
Rxd1 hxg5 29. Nf5 g6 30. Ne3 Kg7 31. Qg3 f6 32. Qf3 Qd6 33. Rb1 Rc7 34. g3 f5
35. Kg2 Re4 36. Rh1 Rce7 37. Qxf5 Rxe3 38. Qxg5 Re1 39. Qh6+ Kf7 40. Qh7+ Ke8
41. Qg8+ Kd7 42. Rh8 Re8 43. Rh7+ Kd8 0-1

[Event "TCh-HUN 2024-25"]
[Site "Hungary HUN"]
[Date "2025.05.11"]
[Round "9.1"]
[White "Jobava, Baadur"]
[Black "Plat, Vojtech"]
[Result "1/2-1/2"]
[WhiteTitle "GM"]
[BlackTitle "GM"]
[WhiteElo "2587"]
[BlackElo "2464"]
[WhiteTeam "Kekesi SE"]
[BlackTeam "Viadukt Biatorbagy"]
[WhiteFideId "13601520"]
[BlackFideId "325740"]
[EventDate "2024.11.02"]

1. d4 f5 2. e4 fxe4 3. Nc3 Nf6 4. Bg5 g6 5. Bc4 d5 6. Bxf6 exf6 7. Bxd5 f5 8.
Qd2 Nd7 9. f3 Nf6 10. fxe4 c6 11. Bb3 fxe4 12. O-O-O Ng4 13. Kb1 Bh6 14. Qe2 Ne3
15. Nxe4 Nxd1 16. Nd6+ Kf8 17. Qf3+ Ke7 18. Qe4+ Kf8 19. Qf3+ Ke7 20. Qe4+ Kf8
21. Qf3+ Ke7 1/2-1/2

[Event "TCh-HUN 2024-25"]
[Site "Hungary HUN"]
[Date "2025.05.11"]
[Round "9.2"]
[White "Mazur, Stefan"]
[Black "Horvath, Jozsef1"]
[Result "1/2-1/2"]
[WhiteTitle "IM"]
[BlackTitle "GM"]
[WhiteElo "2412"]
[BlackElo "2393"]
[WhiteTeam "Viadukt Biatorbagy"]
[BlackTeam "Kekesi SE"]
[WhiteFideId "14909332"]
[BlackFideId "700061"]
[EventDate "2024.11.02"]

1. e4 c6 2. d4 d5 3. Nd2 dxe4 4. Nxe4 Bf5 5. Ng3 Bg6 6. h4 h6 7. Nf3 e6 8. Ne5
Bh7 9. Bd3 Bxd3 10. Qxd3 Nd7 11. f4 Bb4+ 12. c3 Be7 13. Bd2 Ngf6 14. O-O-O c5
15. d5 Nxe5 16. fxe5 Qxd5 17. Qb5+ Nd7 18. Bxh6 a6 19. Qa4 b5 20. Qf4 Qxa2 21.
Bxg7 Rg8 22. Qf3 O-O-O 23. Qc6+ Kb8 24. Rxd7 Rxd7 25. Qxd7 Rd8 26. Qxe7 Qa1+ 27.
Kc2 Qa4+ 28. Kc1 Qa1+ 29. Kc2 Qa4+ 30. Kc1 Qa1+ 31. Kc2 1/2-1/2

[Event "TCh-HUN 2024-25"]
[Site "Hungary HUN"]
[Date "2025.05.11"]
[Round "9.3"]
[White "Brunello, Sabino"]
[Black "Sipos, Istvan"]
[Result "1/2-1/2"]
[WhiteTitle "GM"]
[BlackTitle "IM"]
[WhiteElo "2518"]
[BlackElo "2454"]
[WhiteTeam "Kekesi SE"]
[BlackTeam "Viadukt Biatorbagy"]
[WhiteFideId "813613"]
[BlackFideId "720631"]
[EventDate "2024.11.02"]

1. d4 Nf6 2. Nf3 e6 3. c4 d5 4. Nc3 c6 5. Bg5 Nbd7 6. e3 Qa5 7. Nd2 Bb4 8. Qc2
O-O 9. Be2 Ne4 10. Ndxe4 dxe4 11. c5 b6 12. O-O Bxc3 13. bxc3 bxc5 14. Qxe4 Ba6
15. c4 cxd4 16. Bd3 g6 17. Bh6 Rfd8 18. exd4 Nf6 19. Qxc6 Ng4 20. Be3 Rac8 21.
Qf3 Qh5 22. h3 Nxe3 23. Qxh5 gxh5 24. fxe3 Bxc4 25. Bxc4 Rxc4 26. Rab1 Rd7 27.
Rb5 f5 28. Ra5 Rc2 29. Rf2 Rc1+ 30. Kh2 h4 31. g4 hxg3+ 32. Kxg3 Kg7 33. Ra6 Kf6
34. e4 Rc3+ 35. Kh2 Kg5 36. Rxe6 fxe4 37. Rxe4 h5 38. h4+ Kg6 39. Re6+ Kg7 40.
Re5 Rxd4 41. Rxh5 Kg6 42. Rg5+ Kh6 1/2-1/2

[Event "TCh-HUN 2024-25"]
[Site "Hungary HUN"]
[Date "2025.05.11"]
[Round "9.4"]
[White "Bokros, Albert"]
[Black "Bakos, Balazs"]
[Result "1-0"]
[WhiteTitle "IM"]
[BlackTitle "FM"]
[WhiteElo "2396"]
[BlackElo "2380"]
[WhiteTeam "Viadukt Biatorbagy"]
[BlackTeam "Kekesi SE"]
[WhiteFideId "710458"]
[BlackFideId "725773"]
[EventDate "2024.11.02"]

1. e4 c6 2. d4 d5 3. e5 Bf5 4. Nc3 e6 5. g4 Bg6 6. Nge2 Bb4 7. h4 c5 8. h5 Be4
9. Rh3 h6 10. a3 Bxc3+ 11. Nxc3 cxd4 12. Qxd4 Nc6 13. Qa4 Ne7 14. Nxe4 dxe4 15.
Bd2 Qd4 16. Qxd4 Nxd4 17. O-O-O Nf3 18. Bg2 Nc6 19. Bxf3 exf3 20. Bc3 Ke7 21.
Rxf3 Rhd8 22. Rfd3 Rxd3 23. Rxd3 f6 24. exf6+ gxf6 25. Kd1 Rg8 26. Rg3 e5 27.
Bd2 Rd8 28. Rd3 Rg8 29. Rg3 Rd8 30. Rb3 b6 31. Rc3 Nd4 32. Bxh6 e4 33. Rc7+ Ke6
34. Kc1 Rg8 35. Rg7 Rc8 36. c3 f5 37. Rg6+ Kf7 38. Be3 Nc6 39. gxf5 Ne7 40. Re6
Nxf5 41. Rxe4 1-0

[Event "TCh-HUN 2024-25"]
[Site "Hungary HUN"]
[Date "2025.05.11"]
[Round "9.5"]
[White "Istvanovszki, Martin"]
[Black "Vanczak, Tamas"]
[Result "0-1"]
[WhiteTitle "FM"]
[BlackTitle "IM"]
[WhiteElo "2310"]
[BlackElo "2413"]
[WhiteTeam "Kekesi SE"]
[BlackTeam "Viadukt Biatorbagy"]
[WhiteFideId "726958"]
[BlackFideId "759929"]
[EventDate "2024.11.02"]

1. e4 e5 2. Nf3 Nc6 3. d4 exd4 4. Bc4 Nf6 5. e5 d5 6. Bb5 Nd7 7. O-O Be7 8. Re1
O-O 9. Bxc6 bxc6 10. Nxd4 Nb8 11. Qf3 c5 12. Nf5 Bxf5 13. Qxf5 Nc6 14. c3 g6 15.
Qc2 Re8 16. f4 f6 17. Qa4 Qd7 18. e6 Qd6 19. Na3 a6 20. f5 gxf5 21. Qh4 Ne5 22.
Bf4 Kh8 23. Qg3 Rg8 24. Bxe5 fxe5 25. Qxe5+ Rg7 26. Qxf5 Rag8 27. Re2 Rg5 28.
Qh3 Rg4 29. Qd3 c4 30. Qf5 R8g5 31. Qf3 Rf4 32. Qh3 Re5 33. Rd2 Qb6+ 34. Kh1
Ref5 35. g4 Rg5 36. Rg1 Qxe6 37. Nc2 Qe4+ 38. Rgg2 Rf1# 0-1

[Event "TCh-HUN 2024-25"]
[Site "Hungary HUN"]
[Date "2025.05.11"]
[Round "9.6"]
[White "Bagi, Mate"]
[Black "Bohati, Tamas"]
[Result "1-0"]
[WhiteTitle "IM"]
[WhiteElo "2425"]
[BlackElo "2223"]
[WhiteTeam "Viadukt Biatorbagy"]
[BlackTeam "Kekesi SE"]
[WhiteFideId "742570"]
[BlackFideId "714810"]
[EventDate "2024.11.02"]

1. e4 e6 2. d4 d5 3. Nc3 Nc6 4. e5 f6 5. Bb5 Bd7 6. Nf3 a6 7. Bxc6 Bxc6 8. Ne2
Qd7 9. c3 O-O-O 10. a4 b6 11. b3 Bb7 12. a5 Ne7 13. Nf4 Nc6 14. axb6 cxb6 15.
Nd3 Be7 16. O-O Rde8 17. Re1 Bd8 18. Ra2 Bc7 19. Ba3 Nd8 20. Rae2 Nf7 21. Qc1 f5
22. h4 Kb8 23. g3 Qb5 24. Qb1 Bd8 25. Kg2 h6 26. h5 Be7 27. Ra2 Bg5 28. Bd6+ Kc8
29. Nh4 Kd7 30. Ng6 Rhg8 31. Ndf4 Rc8 32. Re3 Rge8 33. Rf3 Bxf4 34. gxf4 Nh8 35.
Nh4 Kd8 36. Rg3 Qd7 37. Qd3 Ra8 38. Ra1 a5 39. Rg1 Ba6 40. Qf3 Ra7 41. Kh3 Qf7
42. Ng6 Bb5 43. c4 Bc6 44. Rc1 Qd7 45. cxd5 Bxd5 46. Qe2 Nxg6 47. hxg6 a4 48.
bxa4 Qxa4 49. Qb2 1-0

[Event "TCh-HUN 2024-25"]
[Site "Hungary HUN"]
[Date "2025.05.11"]
[Round "9.7"]
[White "Blasko, Istvan"]
[Black "Torma, Robert"]
[Result "0-1"]
[WhiteTitle "IM"]
[BlackTitle "IM"]
[WhiteElo "2259"]
[BlackElo "2419"]
[WhiteTeam "Kekesi SE"]
[BlackTeam "Viadukt Biatorbagy"]
[WhiteFideId "718181"]
[BlackFideId "719030"]
[EventDate "2024.11.02"]

1. d4 d5 2. c4 dxc4 3. e3 e5 4. Bxc4 Nc6 5. Nf3 e4 6. Nfd2 Qg5 7. Kf1 Nf6 8. Nc3
Qg6 9. Nb5 Bd6 10. h4 h5 11. Be2 Qf5 12. Nxd6+ cxd6 13. Nc4 Qd5 14. Qa4 Rb8 15.
Qa3 Ke7 16. Bd2 Bg4 17. b3 Rhd8 18. Bxg4 Nxg4 19. Ke2 Kf8 20. f3 exf3+ 21. gxf3
b5 0-1

[Event "TCh-HUN 2024-25"]
[Site "Hungary HUN"]
[Date "2025.05.11"]
[Round "9.8"]
[White "Szikszai, Bertalan"]
[Black "Mede, Istvan"]
[Result "1/2-1/2"]
[WhiteTitle "FM"]
[BlackTitle "FM"]
[WhiteElo "2283"]
[BlackElo "2141"]
[WhiteTeam "Viadukt Biatorbagy"]
[BlackTeam "Kekesi SE"]
[WhiteFideId "797073"]
[BlackFideId "711535"]
[EventDate "2024.11.02"]

1. e4 d6 2. d4 Nf6 3. Nc3 g6 4. f4 Bg7 5. Nf3 c5 6. dxc5 Qa5 7. Bd3 Qxc5 8. Qe2
O-O 9. Be3 Qa5 10. Bd2 Bg4 11. Nd5 Qd8 12. Nxf6+ Bxf6 13. c3 Qb6 14. O-O-O Nd7
15. h3 Bxf3 16. Qxf3 Nc5 17. Bc2 a5 18. Kb1 a4 19. a3 Ra5 20. Ka2 Nb3 21. Be3
Qc6 22. Qe2 Rc8 23. Rb1 Qd7 24. Rbd1 Qe6 25. Kb1 Rc4 26. e5 dxe5 27. Rd8+ Kg7
28. f5 Qc6 29. h4 h5 30. fxg6 fxg6 31. Rg1 Rg4 32. Qd1 Rb5 33. Ra8 Rd5 34. Qe2
b5 35. Rb8 Bxh4 36. Rb6 Qd7 37. Rf1 Bf6 38. Qf3 e4 39. Qe2 Na5 40. Rf4 Rxf4 41.
Bxf4 Nb3 1/2-1/2

[Event "TCh-HUN 2024-25"]
[Site "Hungary HUN"]
[Date "2025.05.11"]
[Round "9.9"]
[White "Onodi, Miklos"]
[Black "Toth-Goczo, Melinda"]
[Result "1/2-1/2"]
[BlackTitle "WIM"]
[WhiteElo "2080"]
[BlackElo "2170"]
[WhiteTeam "Kekesi SE"]
[BlackTeam "Viadukt Biatorbagy"]
[WhiteFideId "795739"]
[BlackFideId "711985"]
[EventDate "2024.11.02"]

1. d4 Nf6 2. Nf3 d5 3. g3 Bf5 4. Bg2 e6 5. c4 Be7 6. Nc3 O-O 7. Ne5 c6 8. Qb3
Qb6 9. c5 Qxb3 10. axb3 Nbd7 11. Bg5 Rfe8 12. Bxf6 Nxf6 13. O-O Ng4 14. Nxg4
Bxg4 15. f4 f6 16. h3 Bh5 17. e4 dxe4 18. Nxe4 a6 19. Bf3 Bxf3 20. Rxf3 Rad8 21.
Rd1 Rd7 22. Rfd3 Red8 23. Kg2 e5 24. fxe5 fxe5 25. Nd6 exd4 26. Rxd4 Bf6 27. Re4
Bxb2 28. Rde1 h6 29. Re8+ Rxe8 30. Rxe8+ Kh7 31. Rb8 Bd4 32. Rxb7 Rxb7 33. Nxb7
Kg6 34. Na5 Bxc5 35. Nxc6 Kf5 36. Kf3 Bd6 37. g4+ Kg5 38. Nd4 1/2-1/2

[Event "TCh-HUN 2024-25"]
[Site "Hungary HUN"]
[Date "2025.05.11"]
[Round "9.10"]
[White "Felmery, Mate"]
[Black "Kovacs, Veronika"]
[Result "1-0"]
[WhiteElo "2217"]
[BlackElo "1836"]
[WhiteTeam "Viadukt Biatorbagy"]
[BlackTeam "Kekesi SE"]
[WhiteFideId "727172"]
[BlackFideId "796344"]
[EventDate "2024.11.02"]

1. e4 c6 2. d4 d5 3. e5 c5 4. dxc5 e6 5. a3 Bxc5 6. Qg4 g6 7. Nf3 h5 8. Qf4 Nh6
9. Bd3 Nc6 10. O-O Ng4 11. Nc3 a6 12. b4 Ba7 13. h3 Nh6 14. g4 hxg4 15. hxg4 Bb8
16. Qg3 Qc7 17. Bf4 Ng8 18. Kg2 Nge7 19. Ne2 b5 20. Rh1 Rxh1 21. Rxh1 Bb7 22.
Rh8+ Kd7 23. Rh7 Nd8 24. Ng5 Qc6 25. Nxf7 Nxf7 26. Rxf7 Ke8 27. Rh7 Bc7 28. Nd4
Qb6 29. Be3 1-0

[Event "TCh-HUN 2024-25"]
[Site "Hungary HUN"]
[Date "2025.05.11"]
[Round "9.1"]
[White "Perunovic, Milos"]
[Black "Gledura, Benjamin"]
[Result "0-1"]
[WhiteTitle "GM"]
[BlackTitle "GM"]
[WhiteElo "2508"]
[BlackElo "2652"]
[WhiteTeam "Maroczy SE"]
[BlackTeam "Tuxera ANSK"]
[WhiteFideId "921629"]
[BlackFideId "712779"]
[EventDate "2024.11.02"]

1. e4 e5 2. Nf3 Nc6 3. Bb5 a6 4. Ba4 Nf6 5. d3 d6 6. c3 g6 7. O-O Bg7 8. Re1 O-O
9. Nbd2 b5 10. Bc2 a5 11. Nf1 a4 12. Bg5 h6 13. Bd2 Be6 14. Qc1 Kh7 15. Ng3 Na5
16. h3 c5 17. Qd1 Nc6 18. Be3 Rc8 19. d4 cxd4 20. cxd4 d5 21. Nxe5 Nxe5 22. dxe5
Nxe4 23. Nxe4 dxe4 24. Bxe4 Qxd1 25. Rexd1 Bxe5 26. Bd4 Bxd4 27. Rxd4 Rc4 28.
Rad1 Rxd4 29. Rxd4 Bxa2 30. Bd3 Rb8 31. Rb4 Bb3 32. Kf1 Rd8 33. Ke2 Bd5 34. g3
Bc6 35. Ke3 Kg7 36. h4 h5 37. f4 Kf6 38. Be2 Ra8 39. Rd4 Ke6 40. Bd3 a3 41. bxa3
Rxa3 42. Rd8 Bd5 43. Kd4 Bc4 0-1

[Event "TCh-HUN 2024-25"]
[Site "Hungary HUN"]
[Date "2025.05.11"]
[Round "9.2"]
[White "Grigoriants, Sergey"]
[Black "Stankovic, Milos"]
[Result "1/2-1/2"]
[WhiteTitle "GM"]
[BlackTitle "IM"]
[WhiteElo "2531"]
[BlackElo "2471"]
[WhiteTeam "Tuxera ANSK"]
[BlackTeam "Maroczy SE"]
[WhiteFideId "4130804"]
[BlackFideId "938190"]
[EventDate "2024.11.02"]

1. e4 e5 2. Nf3 Nc6 3. Bc4 Nf6 4. d3 d5 5. exd5 Nxd5 6. O-O Nb6 7. Bb3 Bg4 8. h3
Bh5 9. Re1 Qe7 10. a4 a5 11. Nc3 O-O-O 12. Be3 f6 13. Qe2 Kb8 14. Bxb6 cxb6 15.
Nb5 Na7 16. Nc3 Nc6 17. Nb5 Na7 18. Nc3 Nc6 1/2-1/2

[Event "TCh-HUN 2024-25"]
[Site "Hungary HUN"]
[Date "2025.05.11"]
[Round "9.3"]
[White "Palkovi, Jozsef"]
[Black "Samunenkov, Ihor"]
[Result "1/2-1/2"]
[WhiteTitle "IM"]
[BlackTitle "GM"]
[WhiteElo "2376"]
[BlackElo "2523"]
[WhiteTeam "Maroczy SE"]
[BlackTeam "Tuxera ANSK"]
[WhiteFideId "700150"]
[BlackFideId "14187086"]
[EventDate "2024.11.02"]

1. e4 c5 2. Nf3 e6 3. c3 d5 4. exd5 Qxd5 5. d4 Nf6 6. Bd3 Nc6 7. O-O Be7 8. a3
cxd4 9. cxd4 O-O 10. Nc3 Qd8 11. Be3 b6 12. Qe2 Bb7 13. Rad1 g6 14. Rfe1 Rc8 15.
Bb1 Nd5 16. Bh6 Nxc3 17. bxc3 Re8 18. Ba2 Bf8 19. Bxf8 Kxf8 20. c4 Qf6 21. Qd2
Kg7 22. d5 exd5 23. cxd5 Ne5 24. Nxe5 Rxe5 25. Rxe5 Qxe5 26. d6 Rd8 27. h3 h6
28. Re1 Qf6 29. Rd1 Bc8 30. Bc4 Bd7 31. Qb4 Bc6 32. Bxf7 Rf8 33. Bd5 Qxf2+ 34.
Kh1 Bxd5 35. Rxd5 Qf1+ 36. Kh2 Qf7 37. Qd4+ Qf6 38. Re5 Qf4+ 39. Qxf4 Rxf4 40.
Re7+ Kf6 41. Rxa7 Rd4 42. d7 Ke6 43. Rb7 Rxd7 44. Rxb6+ Kf5 45. Rb5+ Kf4 46.
Rb4+ Kf5 47. Rb2 Ra7 48. Ra2 Ra4 49. Ra1 h5 50. Kg3 Ke4 51. Re1+ Kd5 52. Re3 g5
53. Kf3 g4+ 54. hxg4 Rxg4 55. Rb3 Ra4 56. g3 Kd6 57. Kg2 h4 58. gxh4 Ke5 1/2-1/2

[Event "TCh-HUN 2024-25"]
[Site "Hungary HUN"]
[Date "2025.05.11"]
[Round "9.4"]
[White "Kantor, Gergely"]
[Black "Peczely, Sebastian Zsombor"]
[Result "1-0"]
[WhiteTitle "GM"]
[BlackTitle "FM"]
[WhiteElo "2554"]
[BlackElo "2306"]
[WhiteTeam "Tuxera ANSK"]
[BlackTeam "Maroczy SE"]
[WhiteFideId "751499"]
[BlackFideId "750964"]
[EventDate "2024.11.02"]

1. e4 e5 2. Nf3 Nc6 3. Bb5 a6 4. Ba4 d6 5. O-O g5 6. Bxc6+ bxc6 7. d4 g4 8. Ne1
Ne7 9. dxe5 dxe5 10. Qxd8+ Kxd8 11. Nd3 Ng6 12. Rd1 Ke7 13. Be3 f5 14. Bc5+ Kf6
15. Bxf8 Rxf8 16. Nc5 Rb8 17. b3 Rb5 18. Nd7+ Bxd7 19. Rxd7 Ne7 20. c4 Rbb8 21.
Nc3 Rbd8 22. Rad1 Rxd7 23. Rxd7 f4 24. Na4 Rc8 25. Nc5 Ng6 26. Rxh7 Nf8 27. Rh8
Kg7 28. Rh4 Rd8 29. Rxg4+ Kf7 30. Kf1 Rd2 31. Rg5 Ng6 32. a4 Rb2 33. g3 Kf6 34.
Rf5+ Ke7 35. h4 fxg3 36. fxg3 Kd6 37. Nxa6 1-0

[Event "TCh-HUN 2024-25"]
[Site "Hungary HUN"]
[Date "2025.05.11"]
[Round "9.5"]
[White "Tesik, Csaba"]
[Black "Antal, Gergely"]
[Result "0-1"]
[WhiteTitle "FM"]
[BlackTitle "GM"]
[WhiteElo "2290"]
[BlackElo "2543"]
[WhiteTeam "Maroczy SE"]
[BlackTeam "Tuxera ANSK"]
[WhiteFideId "735582"]
[BlackFideId "717312"]
[EventDate "2024.11.02"]

1. e4 c5 2. Nf3 a6 3. c3 d5 4. exd5 Qxd5 5. d4 e6 6. Be2 cxd4 7. cxd4 Nf6 8. Nc3
Qd6 9. O-O Be7 10. Ne5 Nc6 11. Nxc6 bxc6 12. Be3 O-O 13. Qc2 Nd5 14. Ne4 Qb4 15.
Rac1 a5 16. Rfd1 Ba6 17. Bf3 Rab8 18. Rd2 Rfd8 19. Nc5 Nxe3 20. fxe3 Bxc5 21. a3
Qxb2 22. Qxb2 Rxb2 23. Rxb2 Bxa3 24. Rxc6 Bxb2 25. Rxa6 Bc3 26. Kf2 g6 27. Ra8
Rxa8 28. Bxa8 a4 29. Be4 Kf8 30. Bc2 a3 31. Bb3 Ke7 32. Ke2 Kd6 33. Kd3 Be1 34.
Ba2 f6 35. Ke2 Bh4 36. Kf3 Bg5 37. Ke4 Bh6 38. Kf3 Bf8 39. Ke4 Kd7 40. Bb3 Bd6
41. h3 h5 42. Kd3 f5 43. e4 Bf4 44. e5 Bc1 45. d5 Bb2 46. dxe6+ Ke7 47. Ke3 Bxe5
48. Ba2 Kf6 49. Bb3 g5 50. Kd3 g4 51. Ke3 f4+ 52. Ke2 Bd6 53. hxg4 hxg4 54. Kd3
Bc5 55. Ke2 Ke5 56. Kd3 Kf5 57. Ba2 Kf6 58. Ke2 Kg5 59. Kf1 Kh4 60. Bd5 Kg3 61.
Ke2 Kh2 62. Kd3 f3 63. gxf3 g3 64. f4 g2 65. Bxg2 a2 0-1

[Event "TCh-HUN 2024-25"]
[Site "Hungary HUN"]
[Date "2025.05.11"]
[Round "9.6"]
[White "Markus, Robert"]
[Black "Papp, Bence"]
[Result "1-0"]
[WhiteTitle "GM"]
[BlackTitle "FM"]
[WhiteElo "2592"]
[BlackElo "2244"]
[WhiteTeam "Tuxera ANSK"]
[BlackTeam "Maroczy SE"]
[WhiteFideId "921637"]
[BlackFideId "788384"]
[EventDate "2024.11.02"]

1. d4 Nf6 2. c4 e6 3. Nf3 d5 4. e3 a6 5. b3 b6 6. Bd3 Bb7 7. O-O Nbd7 8. Bb2 Bd6
9. Nbd2 O-O 10. Qe2 Ne4 11. Rfd1 Qe7 12. Nf1 Rfd8 13. Rac1 c5 14. cxd5 exd5 15.
Ng3 Nxg3 16. hxg3 Nf8 17. Nh4 g6 18. Nf3 f6 19. Re1 a5 20. dxc5 bxc5 21. e4 c4
22. bxc4 dxe4 23. Bxe4 Qxe4 24. Qxe4 Bxe4 25. Rxe4 f5 26. Re2 Rac8 27. Rd2 Bc5
28. Rd5 a4 29. Kf1 a3 30. Bf6 Re8 31. Ne5 Ne6 32. Nd3 Bf8 33. Rd7 Rc6 34. Ba1
Rec8 35. Ne5 Rd6 36. Re1 Nc5 37. Rxd6 Bxd6 38. Rd1 Ne4 39. f3 Bxe5 40. Bxe5 Re8
41. Rd5 Ng5 42. c5 Rc8 43. Ke2 Ne6 44. Bd6 Kf7 45. Kd3 Nd8 46. Kc4 Nc6 47. Kb5
Ke6 48. Rd3 h5 49. Rxa3 Kd5 50. Rd3+ Nd4+ 51. Kb4 Ra8 52. Bf4 Rxa2 53. Be3 Rb2+
54. Ka3 1-0

[Event "TCh-HUN 2024-25"]
[Site "Hungary HUN"]
[Date "2025.05.11"]
[Round "9.7"]
[White "Tubak, Daniel"]
[Black "Horvath, Dominik"]
[Result "0-1"]
[BlackTitle "GM"]
[WhiteElo "2240"]
[BlackElo "2541"]
[WhiteTeam "Maroczy SE"]
[BlackTeam "Tuxera ANSK"]
[WhiteFideId "758582"]
[BlackFideId "1642561"]
[EventDate "2024.11.02"]

1. e4 c5 2. Nf3 e6 3. d4 cxd4 4. Nxd4 Nc6 5. Nc3 Nf6 6. Ndb5 Bc5 7. Bf4 O-O 8.
Bc7 Qe7 9. Bd6 Bxd6 10. Qxd6 Qd8 11. O-O-O a6 12. Nd4 Ne7 13. h4 b5 14. f3 h5
15. Be2 Bb7 16. Nb3 Bc6 17. Nd4 Bb7 18. Nb3 Nc8 19. Qb4 Qc7 20. Na5 Rb8 21. Nxb7
Rxb7 22. Qd4 d6 23. g4 hxg4 24. fxg4 b4 25. Nb1 Qc6 26. e5 Rc7 27. Bd3 dxe5 28.
Qxe5 Nxg4 29. Qe2 f5 30. Nd2 e5 31. Rhg1 e4 32. Nxe4 fxe4 33. Bxe4 Qh6+ 34. Kb1
Nf6 35. Bf5 Ne7 36. Be6+ Kh8 37. Rg5 Ng6 38. Rf1 Re7 39. Qd3 Rxe6 40. Rxg6 Qxh4
41. Rgg1 Qe4 42. Qg3 Re7 43. Re1 Qb7 44. Ref1 Kg8 45. Qb3+ Nd5 46. Rd1 Rf5 47.
Rh1 g6 48. Rhg1 Kg7 49. Qd3 Nc3+ 50. Ka1 Nxd1 51. Qxf5 Qc6 52. Qg5 Qd6 53. Rh1
Ne3 54. Qh6+ Kf7 55. Kb1 Qe5 56. Qh7+ Qg7 57. Qh4 a5 58. Qf4+ Nf5 59. Qc4+ Kf8
60. Rd1 Qd4 61. Qf1 Qe4 62. b3 Kg7 63. Qg1 Ne3 64. Rc1 Nd5 0-1

[Event "TCh-HUN 2024-25"]
[Site "Hungary HUN"]
[Date "2025.05.11"]
[Round "9.8"]
[White "Medvegy, Zoltan"]
[Black "Szajbely, Zsigmond"]
[Result "1-0"]
[WhiteTitle "GM"]
[BlackTitle "FM"]
[WhiteElo "2514"]
[BlackElo "2240"]
[WhiteTeam "Tuxera ANSK"]
[BlackTeam "Maroczy SE"]
[WhiteFideId "708402"]
[BlackFideId "711691"]
[EventDate "2024.11.02"]

1. d4 Nf6 2. c4 e6 3. Nf3 d5 4. g3 Be7 5. Bg2 O-O 6. O-O dxc4 7. Ne5 Nc6 8. Bxc6
bxc6 9. Nxc6 Qe8 10. Nxe7+ Qxe7 11. b3 Rd8 12. bxc4 Qd7 13. Qd2 c5 14. dxc5 Ba6
15. Qxd7 Nxd7 16. Na3 Ne5 17. Bf4 Nxc4 18. Nxc4 Bxc4 19. Rfc1 Bxe2 20. c6 Bf3
21. Rab1 Rdc8 22. c7 Kf8 23. Rb3 Bd5 24. Rb8 Ke7 25. Rxa8 Bxa8 26. Bd2 Kd7 27.
Ba5 Bb7 28. a3 Re8 29. Rd1+ Bd5 30. Rb1 Rc8 31. Rb8 Bc4 32. Kg2 Ba6 33. Kf3 Kc6
34. Ke4 f6 35. h4 Bb7 36. Kd4 Ba6 37. f4 Kd6 38. Rb2 Kc6 39. g4 Re8 40. Rb8 Bc8
41. h5 h6 42. Ke3 Rg8 43. Kf3 Re8 44. Ke3 Rg8 45. Kf3 Re8 46. Rb2 Re7 47. a4 Re8
48. Rc2+ Kb7 49. Rb2+ Kc6 50. Rc2+ Kb7 51. Rd2 Re7 52. Rd6 Bd7 53. Rd4 Bc8 54.
Rc4 Rf7 55. Bb4 g6 56. hxg6 Rg7 57. Bf8 Rxg6 58. Rc2 f5 59. gxf5 exf5 60. Be7
Ra6 61. Rc4 Be6 62. Rc2 Rxa4 63. Bd6 Bc8 64. Rh2 Re4 65. Be5 a5 66. Rxh6 a4 67.
Rh1 a3 68. Rb1+ Kc6 69. Rb8 Kd7 70. Rb1 a2 71. Rc1 1-0